Economics for business (Record no. 5844)

MARC details
000 -LEADER
fixed length control field 00544 a2200205 4500
001 - CONTROL NUMBER
control field 131324
003 - CONTROL NUMBER IDENTIFIER
control field OSt
005 - DATE AND TIME OF LATEST TRANSACTION
control field 20210910172222.0
008 - FIXED-LENGTH DATA ELEMENTS--GENERAL INFORMATION
fixed length control field
020 ## - INTERNATIONAL STANDARD BOOK NUMBER
International Standard Book Number 9780230226463
082 ## - DEWEY DECIMAL CLASSIFICATION NUMBER
Classification number 338.544
Item number M89E
100 1# - MAIN ENTRY--PERSONAL NAME
Personal name Mulhearn, Chris
245 1# - TITLE STATEMENT
Title Economics for business
Statement of responsibility, etc by Chris Mulhearn, Howard R. Vane and James Eden
260 ## - PUBLICATION, DISTRIBUTION, ETC. (IMPRINT)
Place of publication, distribution, etc New york
Name of publisher, distributor, etc Palgrave macmillan
Date of publication, distribution, etc 2008
300 ## - PHYSICAL DESCRIPTION
Extent 417p.
690 ## - LOCAL SUBJECT ADDED ENTRY--TOPICAL TERM (OCLC, RLIN)
Topical term or geographic name as entry element Business economics
700 ## - ADDED ENTRY--PERSONAL NAME
Personal name Vane, Howard R.
700 ## - ADDED ENTRY--PERSONAL NAME
Personal name Eden, James
942 ## - ADDED ENTRY ELEMENTS (KOHA)
Source of classification or shelving scheme Dewey Decimal Classification
Koha item type Books
Holdings
Withdrawn status Lost status Source of classification or shelving scheme Damaged status Not for loan Collection code Home library Current library Date acquired Source of acquisition Cost, normal purchase price Full call number Barcode Date last seen Price effective from Koha item type
    Dewey Decimal Classification     General Text Book Central University Of Rajasthan Central University Of Rajasthan 08/06/2012 MGM 8.99 338.544 M89E 7402 21/11/2024 02/09/2020 Books